000 00519nmm a2200169Ia 4500
008 251105s9999||||xx |||||||||||||||||und||
020 _a8477334927
041 _aspa
100 _aPedraza Gracia, Manuel José (ed.)
245 0 _aLectores y lecturas en Zaragoza (1501-1521)
264 _a[Madrid, España] :
_bPrensas Universitarias de Zaragoza,
_c1998
300 _a249 páginas
490 _aHumanidades
650 _aSpanish literature
856 _uhttps://public.digitaliapublishing.com/a/2132
942 _cCF
999 _c73387
_d73387